| 000 | 00691nam a22002417a 4500 | ||
|---|---|---|---|
| 003 | OSt | ||
| 005 | 20210420110839.0 | ||
| 008 | 201214s2009 ||||| |||| 00| 0 eng d | ||
| 020 | _a9780312428921 | ||
| 020 | _a0312428928 | ||
| 040 |
_aeng _beng _cDLC _deng |
||
| 041 | _aeng | ||
| 080 |
_a32 _bF-92 |
||
| 100 |
_9477 _aFriedman, L. Thomas |
||
| 245 |
_aHot, Flat and Crowded _b: Why We Need a Green Revolution and How It Can Renew America / Release 2.0 Updated and Expanded |
||
| 250 | _aPicador Edition | ||
| 260 |
_aNew York _bPicador Edition _c2009 |
||
| 300 |
_a516 p. _bill. |
||
| 365 | _b16 usd | ||
| 650 | 0 |
_9443 _aPolitics |
|
| 653 | _aპოლიტიკა | ||
| 942 |
_2udc _cBK |
||
| 999 |
_c587 _d587 |
||